Riconosci lo Stato - Quiz n°33 - Statistics

Statistiche generali
  • Questo quiz è stato fatto 44 volte
  • Il punteggio medio è 11 su 12
Statistiche sulle risposte
Indizio Risposta % Corretto
Indipendenza dalla Spagna, 12 febbraio 1818
98%
Valuta Peso
98%
Iniziale della Capitale S
98%
Popolazione 17.574.003 ab.
95%
Superficie 755.838,7 km²
95%
Fuso Orario da UTC-5 a UTC-3
95%
Forma di Governo Repubblica presidenziale
95%
Presidente della Repubblica Gabriel Boric
93%
ISU 0,847
88%
Tasso di crescita 0,88%
88%
PIL (nominale) 298 172 milioni di $ (2018)
88%
Risposta Cile
83%
Nessun quiz corrispondente trovato
Distribuzione punteggi
Percentuale di utenti per punteggio
Percentile per numero di risposta
I tuoi punteggi nel tempo
Non hai fatto questo quiz